Distribution par images - Le Viager - Statistiques

Statistiques générales
  • Ce quiz a été pris 64 fois
  • Le résultat moyen est 6 sur 9
Statistiques - réponses
Par images Hint Réponse % Correct
Léon Galipeau Michel Galabru
100%
Victor Gérard Depardieu
98%
Louis Martinet Michel Serrault
87%
Noël Galipeau Claude Brasseur
83%
Vierzon Jean Carmet
67%
Emile Galipeau Jean-Pierre Darras
35%
Elvire Galipeau Rosy Varte
33%
Bucigny-Dumaine Yves Robert
31%
Marguerite Galipeau Odette Laure
20%
Aucun quiz correspondant
Distribution des résultats
% des personnes avec chaque résultat
Percentile par nombre de réponses
Votre historique - résultats
Vous n’avez pas pris ce quiz